000 04700nam a22003257a 4500
003 GR-AtMCL
005 20250826112526.0
006 a|||||r|||| 00| 0
008 m2014 gr a|||f ||| 001 gre
020 _a9789605241827
040 _aGR-AtMCL
_bgre
_dGR-AtMCL
_eAACR2
041 1 _heng
100 1 _aFinney, Ross L.
_94573
245 1 0 _aΑπειροστικός λογισμός /
_cβασισμένο στο πρωτότυπο του George B.Thomas ; αναθεωρημένο από τους Ross L. Finney, Maurice D. Weir [και] Frank R. Giordano ; απόδοση στα ελληνικά - επιστημονική επιμέλεια Μανώλης Αντωνογιαννάκης
260 _aΗράκλειο :
_bΠανεπιστημιακές Εκδόσεις Κρήτης,
_c2014
300 _a1104 σ.
_bεικ. ;
_c30εκ.
490 1 _aΠανεπιστημιακή βιβλιοθήκη θετικών επιστημών. Μαθηματικά
500 _aΠεριέχει ευρετήριο
500 _aΤίτλος πρωτοτύπου: Thomas' calculus
520 _aΜε τη 10η έκδοση του κλασικού αυτού συγγράμματος, οι συγγραφείς παρουσιάζουν μια σύγχρονη όψη του απειροστικού λογισμού με την υποστήριξη της τεχνολογίας των υπολογιστών, παραμένοντας ωστόσο πιστοί στην παραδοσιακή «συνταγή» της διεθνούς επιτυχίας του βιβλίου: μαθηματικά σωστά ζυγισμένα ανάμεσα στην αυστηρότητα και την ποιοτική κατανόηση των εννοιών, σε συνδυασμό με εφαρμογές που ενδιαφέρουν τον γενικό επιστήμονα και τον μηχανικό, αλλά και άριστη επιλογή ασκήσεων. Έμφαση δίνεται στην κατασκευή μαθηματικών μοντέλων, καθώς και στη γραφική και υπολογιστική τους διερεύνηση για την ανάπτυξη δεξιοτήτων και την εμπέδωση των εννοιών. Στο δικτυότοπο του βιβλίου (www.cup.gr) διατίθεται «ηλεκτροντικό συμπλήρωμα» με εφαρμογές Mathematica και Maple, πλήθος ιστορικών και βιογραφικών στοιχείων, πλήρεις ηλεκτρονικές διαφάνειες κ.λπ. Από τα σοβαρότερα πλεονεκτήματα του βιβλίου είναι οι εφαρμογές από τον πραγματικό κόσμο, οι οποίες συνεχώς αναθεωρούνται και εμπλουτίζονται κατά τις τελευταίες εκδόσεις, αντλώντας θέματα από τη φυσική και τις επιστήμες μηχανικού, από τη χημεία και τη βιολογία, από τις οικονομικές και τις κοινωνικές επιστήμες. Με τον πλούτο της ύλης και τη δυνατότητα ευελιξίας που παρέχει η διάρθρωσή του, ο Απειροστικός Λογισμός μπορεί να χρησιμοποιηθεί σε μια πληθώρα διαφορετικών πανεπιστημιακών μαθημάτων, από τα πιο θεωρητικά μέχρι τα πιο εφαρμοσμένα. Ο διδάσκων μπορεί να επιλέξει σε ποιο βαθμό θα ενσωματώσει τις προαιρετικές –αλλά ουσιαστικές– υπολογιστικές εφαρμογές στο μάθημα. Σε κάθε περίπτωση, ο αναγνώστης δεν μπορεί παρά να εκτιμήσει τον λογισμό ως ένα αξιοθαύμαστο διανοητικό εργαλείο ερμηνείας, κατανόησης και διαχείρισης του κόσμου που μας περιβάλλει.
650 0 0 _aΛογισμός
_xΔιδακτικά βιβλία
_910017
653 _aΜηχανικών
700 1 _aGiordano, Frank R.
_4aut
_94574
700 1 _aWeir, Maurice D.
_94576
700 1 _aThomas, George B.
_d1914-2006
_q(George Brinton),
_94575
700 1 _aΑντωνογιαννάκης, Μανώλης
_4730
_94577
830 _aΠανεπιστημιακή βιβλιοθήκη θετικών επιστημών.
_pΜαθηματικά
_910016
942 _cBK
999 _c9893
_d9893